Metody issledovanija Demografija: problemy i perspektivy

Guardado en:
Detalles Bibliográficos
Formato: Libro
Lenguaje:ruso
Publicado: Moskva Mysl' 1986
Edición:1. izd.
Etiquetas: Agregar Etiqueta
Sin Etiquetas, Sea el primero en etiquetar este registro!

MARC

LEADER 00000nam a2200000 4500
001 c034285
005 20221220073931.6
041 0 |a rus 
044 |a RU 
245 1 0 |a Metody issledovanija  |b Demografija: problemy i perspektivy 
250 |a 1. izd. 
264 1 |a Moskva  |b Mysl'  |c 1986 
300 |a 184 s.